Pharmaceutics of solids and solid dosage forms / (Record no. 7242)

MARC details
000 -LEADER
fixed length control field 01013cam a2200229 4500
001 - CONTROL NUMBER
control field 8381
005 - DATE AND TIME OF LATEST TRANSACTION
control field 20181127185756.0
008 - FIXED-LENGTH DATA ELEMENTS--GENERAL INFORMATION
fixed length control field 760623s1977 nyua b 001 0 eng
010 ## - LIBRARY OF CONGRESS CONTROL NUMBER
LC control number 76022754
020 ## - INTERNATIONAL STANDARD BOOK NUMBER
International Standard Book Number 047113726X
082 00 - DEWEY DECIMAL CLASSIFICATION NUMBER
Classification number 615/.43
100 1# - MAIN ENTRY--PERSONAL NAME
Personal name Carstensen, Jens Thuro,
Dates associated with a name 1926-
245 10 - TITLE STATEMENT
Title Pharmaceutics of solids and solid dosage forms /
Statement of responsibility, etc. Jens T. Carstensen.
260 ## - PUBLICATION, DISTRIBUTION, ETC.
Place of publication, distribution, etc. New York :
Name of publisher, distributor, etc. Wiley,
Date of publication, distribution, etc. c1977.
300 ## - PHYSICAL DESCRIPTION
Extent xiii, 256 p. :
Other physical details ill. ;
Dimensions 24 cm.
500 ## - GENERAL NOTE
General note ""A Wiley-Interscience publication.""
504 ## - BIBLIOGRAPHY, ETC. NOTE
Bibliography, etc. note Includes bibliographical references and index.
505 ## - FORMATTED CONTENTS NOTE
Formatted contents note CONTENT:Fundamental Solids Concepts -- Micrometeorites -- Dissolution of solids -- Biopharmaceutics of solids -- Powders -- The solid dosage Forms -- Stability and dating of solid dosage forms -- Stability and dating of solid Dosage Forms -- Selected Laboratory Experiments.
Miscellaneous information
Statement of responsibility
Title
650 #0 - SUBJECT ADDED ENTRY--TOPICAL TERM
Topical term or geographic name entry element Chemistry, Physical and theoretical.
Topical term or geographic name entry element Pharmaceutical chemistry.
Holdings
Withdrawn status Lost status Source of classification or shelving scheme Damaged status Not for loan Collection code Home library Current library Shelving location Serial Enumeration / chronology Inventory number Total Checkouts Full call number Barcode Date last seen Price effective from Koha item type
    Dewey Decimal Classification     Main TEST RTC Library RTC Library Main opac 12809   615.43 CAR 30012071 27/11/2018 27/11/2018 Main
Royal Thimphu College || All Right Reserved